00000000nam##2200000za#4500
0019.578628
003CaOODSP
00520210624190158
007cr |||||||||||
008150406|1999||||xxc|||||o    f|0| 0 eng|d
040 |aCaOODSP|beng
043 |an-cn---
0861 |aFs70-1/1999-78E-PDF
1101 |aCanada. |bDepartment of Fisheries and Oceans.
24510|aPreliminary results of a groundfish longline survey on Georges Bank / |h[electronic resource]|c[by] T.L. Johnston and J.J. Hunt.
260 |aOttawa - Ontario : |bFisheries and Oceans Canada |c1999.
300 |a27p.|bgraphs, maps, references, tables
4901 |aCanadian Stock Assessment Secretariat research document|v99/78
546 |a(Texte en anglais, résumé en les deux langues officiels)
590 |a14-10-Supp|b2014-05-08
830#0|aCanadian Stock Assessment Secretariat research document ;|v99/78|w(CaOODSP)9.507740
85640|ahttp://publications.gc.ca|qPDF|s175 KB|uhttps://publications.gc.ca/collections/collection_2014/mpo-dfo/Fs70-1-1999-78-eng.pdf|y99/78